Sports Multiple Choice Quiz #1 - Statistics

General Stats
  • This quiz has been taken 373 times
    255 since last reset
  • The average score is 8 of 15
Answer Stats
Question Answer % Correct
What is the only sport to have been played on the surface of the moon? Golf
78%
In which professional league do the Dallas Stars play? NHL
78%
In which city will the 2024 Olympics be held? Paris
78%
How many players are there in a volleyball team 6
67%
Bohemians, Dukla, Slavia, and Sparta are Soccer teams based in which European city? Prague
63%
The Webb Ellis trophy is awarded to the winning team of which sporting competition? Rugby World Cup
63%
The son of which former formula one driver joined the Ferrari Driver Academy in January 2019? Michael Schumacher
55%
The NRL and AFL are professional leagues in which country? Australia
51%
In which sport would you hear the terms, ‘Slip’, ‘Yorker’ and ‘Silly’? Cricket
49%
After Phil Taylor, who has won the most PDC Darts championships? Michael van Gerwen
47%
Who did the New York Cosmos buy for $4.5 million in 1975? Pele
43%
Carli Loyd, Ada Hegerberg, Dzsenifer Marozsan, are leading names in which sport? Soccer
39%
Which watersport featured for the first time at the Tokyo 2020 Olympics? Surfing
35%
In which country did the 'Rumble in the Jungle' take place in 1975? Zaire
29%
What is the maximum possible break in Snooker? 155
27%
No matching quizzes found
Score Distribution
Percent of People with Each Score
Percentile by Number Answered
Your Score History
You have not taken this quiz since the last reset